[Event "POL-ch"]
[Site "POL"]
[Date "1982.??.??"]
[Round "?"]
[White "Sygulski, Artur"]
[Black "Zoltek, Tadeusz"]
[Result "1-0"]
[WhiteElo "2220"]
[BlackElo "2300"]

1.d4 Nf6 2.c4 e6 3.g3 d5 4.Bg2 Be7 5.Nf3 O-O 6.O-O dxc4 7.Ne5 Nc6 8.Nxc6 bxc6
9.Qa4 Bb7 10.Qxc4 Nd5 11.Rd1 a5 12.a3 Qd7 13.e4 Nf6 14.Nc3 Rfd8 15.Bf4 Ba6
16.Qa4 Rdb8 17.Rd2 Bb5 18.Nxb5 cxb5 19.Qc2 Ra7 20.d5 Nh5 21.Be3 Ra6 22.dxe6 Qxe6
23.Qxc7 Rc8 24.Qd7 Rac6 25.Qxe6 Rc1+ 26.Rxc1 Rxc1+ 27.Bf1  1-0

[Event "POL-ch"]
[Site "POL"]
[Date "1982.??.??"]
[Round "?"]
[White "Nowak, Ignacy"]
[Black "Stempin, Pawel"]
[Result "1/2-1/2"]
[WhiteElo "2360"]
[BlackElo "2350"]

1.c4 Nf6 2.g3 e6 3.Bg2 d5 4.d4 Be7 5.Nf3 O-O 6.O-O dxc4 7.Na3 Bxa3 8.bxa3 b5
9.a4 a6 10.axb5 axb5 11.a4 Nd5 12.Qc2 h6 13.Rb1 bxa4 14.Ba3 Re8 15.Ne5 Ba6
16.Rfc1 Nd7 17.Nxc4 Bxc4 18.Qxc4 Re7 19.Qb5 N7b6 20.Bc5 Qc8 21.Ra1 Ra5 22.Qd3 Nd7
23.Ba3 Qb7 24.Qc4 Re8  1/2-1/2

[Event "Bohemians"]
[Site "Prague"]
[Date "1982.??.??"]
[Round "8"]
[White "Streitberg, Petr"]
[Black "Modr, Bretislav"]
[Result "1/2-1/2"]
[WhiteElo "2215"]
[BlackElo "2355"]

1.d4 Nf6 2.g3 e6 3.Bg2 d5 4.c4 Be7 5.Nf3 O-O 6.O-O dxc4 7.Qc2 a6 8.a4 Bd7
9.Qxc4 Bc6 10.Bf4 Nd5 11.Nc3 Nxf4 12.gxf4 Bd6 13.e3 Nd7 14.b4 Nb6 15.Qb3 a5
16.b5 Bd5 17.Qc2 f5 18.Nxd5 exd5 19.Kh1 Qe8 20.Rg1 Rf6 21.Bh3 Qe4 22.Qxe4 fxe4
23.Ne5 Re8 24.Nd7 Nxd7 25.Bxd7 Rd8 26.Bh3 Kf7 27.Rg5 c6 28.bxc6 bxc6 29.Rb1 Bb4
30.Rf5  1/2-1/2

[Event "Randers zt-f"]
[Site "Randers"]
[Date "1982.??.??"]
[Round "7"]
[White "Sigurjonsson, Gudmundur"]
[Black "Gruenfeld, Yehuda"]
[Result "1-0"]
[WhiteElo "2435"]
[BlackElo "2505"]

1.Nf3 Nf6 2.c4 e6 3.g3 d5 4.d4 Be7 5.Bg2 O-O 6.O-O dxc4 7.Qc2 a6 8.Qxc4 b5
9.Qc2 Bb7 10.Bd2 Be4 11.Qc1 b4 12.Bg5 Nbd7 13.Nbd2 Bd5 14.Qc2 c5 15.e4 Bb7
16.e5 Nd5 17.Bxe7 Qxe7 18.Ne4 cxd4 19.Rad1 Rfc8 20.Qb1 Nc3 21.bxc3 dxc3 22.Qc2 Bd5
23.Rfe1 Rab8 24.Nd6 Rc5 25.Nd4 Bxg2 26.Kxg2 Nxe5 27.Nb3 Rc6 28.Rxe5 Rxd6
29.Rxd6 Qxd6 30.Qe4 g6 31.Rc5 Qd8 32.h4 h5 33.Nd4 Qe7 34.Nc6 Qb7 35.Qe5 Qb6
36.Ne7+ Kh7 37.Qf6 Rf8 38.Rc8  1-0

[Event "Reykjavik op"]
[Site "Reykjavik"]
[Date "1982.??.??"]
[Round "?"]
[White "Kogan, Boris"]
[Black "Erlingsson, Jonas P"]
[Result "1-0"]
[WhiteElo "2450"]
[BlackElo "2225"]

1.d4 Nf6 2.c4 e6 3.g3 d5 4.Bg2 Be7 5.Nf3 O-O 6.O-O b6 7.Nc3 Bb7 8.Ne5 c6
9.e4 Nbd7 10.Nxc6 Bxc6 11.exd5 exd5 12.cxd5 Bb7 13.d6 Bxg2 14.dxe7 Qxe7 15.Kxg2 Rfd8
16.Re1 Qb4 17.Qa4 Qxa4 18.Nxa4 Nf8 19.Be3 Ne6 20.Red1 Rd7 21.Nc3 Rad8 22.Ne2 Nd5
23.g4 f6 24.Rac1 Kf7 25.Rc4 b5 26.Rcc1 Ne7 27.Kf3 g6 28.Rd3 a6 29.Ra3 Ra8
30.Rd1 Nc7 31.Bd2 Ned5 32.Rc1 Rd6 33.Rc5 Rad8 34.Be3 R8d7 35.Nf4 Nxf4 36.Bxf4 Re6
37.Be3 Nd5 38.Rc8 Nb6 39.Rc2 Nd5 40.Rb3 Nb6 41.Rbc3 g5 42.Rc6 Red6 43.Rxd6 Rxd6
44.Rc7+ Kg6 45.Ke4 Re6+ 46.Kd3 h5 47.h3 hxg4 48.hxg4 Rd6 49.Ra7 Nc8 50.Rb7 Nb6
51.b3 Nd7 52.Kc3 Kf7 53.Kb4 Ke6 54.Ka5 Kd5 55.Ra7 Nb8 56.Ra8 Rd8 57.Kb6 Nd7+
58.Kb7 Rxa8 59.Kxa8 a5 60.Kb7 a4 61.Kc7 axb3 62.axb3 Ke6 63.b4  1-0

[Event "Reykjavik op"]
[Site "Reykjavik"]
[Date "1982.??.??"]
[Round "?"]
[White "Kogan, Boris"]
[Black "Burger, Karl"]
[Result "0-1"]
[WhiteElo "2450"]
[BlackElo "2420"]

1.d4 Nf6 2.c4 e6 3.g3 d5 4.Bg2 Be7 5.Nf3 O-O 6.O-O dxc4 7.Qc2 a6 8.a4 Bd7
9.Rd1 Bc6 10.Nc3 Bxf3 11.Bxf3 Nc6 12.Bxc6 bxc6 13.a5 Rb8 14.Qa4 Bb4 15.Na2 Be7
16.Nc3 Bb4 17.Qxc6 Bxc3 18.bxc3 Qd5 19.Qxc7 Ne4 20.Ra3 Nd6 21.Ra4 Rfc8 22.Qe7 Ne4
23.Ra3 Rb7 24.Qh4 Rb3 25.Rxb3 cxb3 26.Bb2 Nxc3 27.Bxc3 Rxc3 28.Qe7 h6 29.Qb4 Rc2
30.e4 Qh5 31.Rf1 b2 32.d5 Qe2 33.Qb8+ Kh7 34.Qf4 Qxf1+  0-1

[Event "Reykjavik op"]
[Site "Reykjavik"]
[Date "1982.??.??"]
[Round "?"]
[White "Petursson, Margeir"]
[Black "Erlingsson, Jonas P"]
[Result "1-0"]
[WhiteElo "2415"]
[BlackElo "2225"]

1.d4 Nf6 2.c4 e6 3.Nf3 d5 4.g3 Be7 5.Bg2 O-O 6.O-O c5 7.cxd5 Nxd5 8.dxc5 Bxc5
9.a3 a5 10.Qc2 Be7 11.e4 Qc7 12.Qe2 Nf6 13.Nc3 Nc6 14.Be3 a4 15.Rfd1 Na5
16.Rac1 Qc4 17.Qc2 Nb3 18.Nd2 Nxd2 19.Qxd2 Qa6 20.e5 Nd7 21.Bg5 Bxg5 22.Qxg5 Qa5
23.f4 Qb6+ 24.Kh1 Qxb2 25.Ne4 Ra5 26.Nd6 Rc5 27.Rxc5 Nxc5 28.Nxc8 Nd3 29.Ne7+ Kh8
30.Rf1 Qxa3 31.f5 f6 32.exf6 Rxf6 33.Qd2 Qxe7 34.Qxd3 exf5 35.Qb5 a3 36.Bxb7 g6
37.Bd5 Qe5 38.Qa5 Rd6 39.Qa8+ Kg7 40.Qg8+ Kh6 41.Qf8+ Kg5 42.Bf3  1-0

[Event "Rostock"]
[Site "Rostock"]
[Date "1982.??.??"]
[Round "?"]
[White "Heinig, Wolfram"]
[Black "Kiss, Attila"]
[Result "1-0"]
[WhiteElo "2345"]
[BlackElo "2285"]

1.d4 Nf6 2.c4 e6 3.g3 d5 4.Nf3 Be7 5.Bg2 O-O 6.O-O c6 7.Qc2 b6 8.b3 Bb7 9.Nc3 Nbd7
10.Bb2 Rc8 11.Rad1 Qc7 12.e4 Qb8 13.Rfe1 Rfd8 14.e5 Ne8 15.Qd2 Nc7 16.Qf4 c5
17.Ng5 Bxg5 18.Qxg5 dxc4 19.d5 exd5 20.Nxd5 Bxd5 21.Bxd5 Nf8 22.Bxc4 b5 23.Bf1 Nce6
24.Qe3 Qb6 25.Rd6 Rxd6 26.exd6 Rd8 27.Rd1 Rxd6 28.Rxd6 Qxd6 29.Bxb5 Nd4 30.Bc4 Nfe6
31.Qe4 h6 32.h4 Qb6 33.Bc3 Qd8 34.Kg2 Qb6 35.f4 Qd6 36.f5 Nd8 37.b4 N4c6
38.b5 Nd4 39.a4 Kf8 40.a5 Qd7 41.Bxd4 cxd4 42.Qd5 Qc7 43.a6 Qb6 44.Kf3 Ke7
45.Ke4 g6 46.Qe5+ Kd7 47.fxg6 Qxg6+ 48.Kxd4 Qb6+ 49.Ke4 Ne6 50.Bxe6+  1-0

[Event "Smederevska Palanka"]
[Site "Smederevska Palanka"]
[Date "1982.??.??"]
[Round "8"]
[White "Rajkovic, Dusan"]
[Black "Nikolic, Stanimir"]
[Result "1/2-1/2"]
[WhiteElo "2460"]
[BlackElo "2385"]

1.d4 e6 2.Nf3 d5 3.c4 Be7 4.g3 Nf6 5.Bg2 O-O 6.O-O Nbd7 7.Nbd2 c6 8.b3 b6
9.Qc2 Bb7 10.Bb2 c5  1/2-1/2

[Event "BUL-ch"]
[Site "Sofia"]
[Date "1982.??.??"]
[Round "3"]
[White "Inkiov, Ventzislav"]
[Black "Georgiev, Kiril"]
[Result "1/2-1/2"]
[WhiteElo "2475"]
[BlackElo "2380"]

1.d4 Nf6 2.c4 e6 3.Nf3 d5 4.g3 Be7 5.Bg2 O-O 6.O-O dxc4 7.Qc2 a6 8.Qxc4 b5
9.Qc2 Bb7 10.Bf4 Nd5 11.Nc3 Nxf4 12.gxf4 Nd7 13.Ne4 Rc8 14.Rfd1 c5 15.dxc5 Bxc5
16.Nxc5 Rxc5 17.Qxc5 Nxc5 18.Rxd8 Rxd8 19.Rc1 Rc8 20.Ne5 Na4 21.Rxc8+ Bxc8
22.Nd3 Kf8 23.Kf1 Ke7 24.Ke1  1/2-1/2

[Event "BUL-ch"]
[Site "Sofia"]
[Date "1982.??.??"]
[Round "14"]
[White "Inkiov, Ventzislav"]
[Black "Stefanov, Krasimir"]
[Result "1-0"]
[WhiteElo "2475"]
[BlackElo "2300"]

1.d4 e6 2.c4 d5 3.Nf3 Be7 4.g3 Nf6 5.Bg2 O-O 6.O-O Ne4 7.Qc2 c6 8.Ne1 f5
9.Nd3 Bf6 10.e3 Nd7 11.Nd2 Qe8 12.Nf3 g5 13.Nfe5 g4 14.f3 gxf3 15.Bxf3 Nxe5
16.dxe5 Bg7 17.b3 Qe7 18.Bb2 Bd7 19.a4 Qg5 20.Nf4 Rfc8 21.Kh1 Qh6 22.Qg2 Kh8
23.g4 fxg4 24.Bxe4 dxe4 25.Qxg4 Rf8 26.Rg1 Rf7 27.Rg3 Rxf4 28.exf4 Be8 29.Rag1 Bg6
30.Rh3 Bf5 31.Qxf5  1-0

[Event "Surakarta/Denpasar"]
[Site "Surakarta"]
[Date "1982.??.??"]
[Round "10"]
[White "Sosonko, Gennadi"]
[Black "Handoko, Edhi"]
[Result "1-0"]
[WhiteElo "2580"]
[BlackElo "2370"]

1.d4 Nf6 2.c4 e6 3.g3 d5 4.Bg2 Be7 5.Nf3 O-O 6.O-O Nbd7 7.Qc2 c6 8.b3 Ne4
9.Ba3 Bxa3 10.Nxa3 f5 11.Qb2 f4 12.Nb1 fxg3 13.hxg3 Qf6 14.Nbd2 Nd6 15.Rae1 Qf5
16.Qa3 Ne4 17.Nxe4 dxe4 18.Nd2 Nf6 19.Qd6 Qh5 20.f3 e3 21.Ne4 Bd7 22.Nc5 Rf7
23.Qe5 Qh6 24.g4 Qh4 25.Qxe3 Raf8 26.Nd3 Bc8 27.Ne5 Re7 28.Qf2 Qh6 29.f4 Nd7
30.g5 Qh5 31.Bf3 Qh3 32.Nd3 h6 33.Bg2 Qh5 34.Qe3 Rf5 35.Bh3 Rf8 36.Rf3 e5
37.Bxd7 Bxd7 38.Nxe5 hxg5 39.fxg5 Rxf3 40.exf3 Qh3 41.f4 Qh5 42.Kg2 Qh7 43.g6 Qh5
44.Qg3 Bf5 45.Kf2 Re6 46.Rg1 Bxg6 47.Qg5 Qh3 48.Rg3 Qh2+ 49.Rg2 Qh3 50.Qg3 Qxg3+
51.Rxg3 Bb1 52.a3 Rh6 53.Ke3 Rh1 54.Kd2 Rh2+ 55.Kc3 a5 56.d5 c5 57.b4 b6
58.bxc5 bxc5 59.d6 Rc2+ 60.Kb3 Rd2 61.d7 Bf5 62.Ka4 Bxd7+ 63.Kxa5 Be8 64.Kb6 Rd4
65.Rf3 Kf8 66.Kxc5 Rd1 67.Nd3 Ke7 68.Nb4 Bf7 69.Rc3 Rf1 70.Kb6 Rxf4 71.c5 Rc4
72.Rg3 Kf6 73.Rf3+ Ke6 74.c6 g5 75.c7 Be8 76.Re3+  1-0

[Event "Tilburg"]
[Site "Tilburg"]
[Date "1982.??.??"]
[Round "?"]
[White "Andersson, Ulf"]
[Black "Karpov, Anatoly"]
[Result "1/2-1/2"]
[WhiteElo "2610"]
[BlackElo "2700"]

1.Nf3 Nf6 2.c4 e6 3.g3 d5 4.d4 Be7 5.Bg2 O-O 6.O-O dxc4 7.Qc2 a6 8.Qxc4 b5
9.Qc2 Bb7 10.Bf4 Nc6 11.Rd1 Nb4 12.Qc1 Qc8 13.Nbd2 c5 14.dxc5 Bxc5 15.Nb3 Be7
16.Na5 Bd5 17.Nd4 Qe8 18.a3 Rc8 19.Qd2 Bxg2 20.Kxg2 Nbd5 21.Rac1 Rxc1  1/2-1/2

[Event "Varna"]
[Site "Varna"]
[Date "1982.??.??"]
[Round "8"]
[White "Garkov, Mitko"]
[Black "Georgiev, Kiril"]
[Result "0-1"]
[WhiteElo "2375"]
[BlackElo "2380"]

1.d4 d5 2.c4 e6 3.g3 Nf6 4.Bg2 Be7 5.Nf3 O-O 6.O-O dxc4 7.Qa4 a6 8.Qxc4 b5
9.Qc2 Bb7 10.Nc3 Nbd7 11.Rd1 c5 12.dxc5 Bxc5 13.b3 Rc8 14.Qb2 Qa5 15.Bd2 Ba3
16.b4 Bxb2 17.bxa5 Bxc3 18.Bxc3 Rxc3  0-1

[Event "JUG-ch"]
[Site "Vrbas"]
[Date "1982.??.??"]
[Round "?"]
[White "Rajkovic, Dusan"]
[Black "Hresc, Vladimir"]
[Result "1/2-1/2"]
[WhiteElo "2460"]
[BlackElo "2265"]

1.d4 d5 2.c4 e6 3.Nf3 Nf6 4.g3 Be7 5.Bg2 O-O 6.O-O dxc4 7.Qc2 a6 8.a4 c6
9.Qxc4 b5 10.Qc2 Bb7 11.Nbd2 Nbd7 12.Nb3 Rc8 13.Nc5 Nxc5 14.dxc5 Qa5 15.Bd2 b4
16.Rfc1 Nd7 17.Ng5 g6 18.Ne4 f5 19.Nd6 Bxd6 20.cxd6 Qb6 21.Qc4 a5 22.Qxe6+ Rf7
23.Bg5 c5 24.Bxb7 Qxb7 25.b3 Qc6 26.Rd1 c4 27.bxc4 Qxc4 28.Qxc4 Rxc4 29.Rd5 Rc6
30.Be7 f4 31.Rxa5 fxg3 32.hxg3 Rc2 33.Re1 b3 34.Rb5 b2 35.Kg2 Rf5 36.Rxf5 gxf5
37.Rb1 Kf7 38.a5 Nc5 39.Bg5 Ke6 40.Bf4 Rxe2 41.Kf3 Rc2 42.Ke3 Na4 43.Kd4 Rc6
44.Kd3 Rc3+ 45.Kd2 Rc6 46.Kd3 Rc3+ 47.Kd2  1/2-1/2

[Event "JUG-ch"]
[Site "Vrbas"]
[Date "1982.??.??"]
[Round "?"]
[White "Rukavina, Josip"]
[Black "Parma, Bruno"]
[Result "1/2-1/2"]
[WhiteElo "2450"]
[BlackElo "2485"]

1.d4 Nf6 2.c4 e6 3.g3 d5 4.Nf3 Be7 5.Bg2 O-O 6.O-O dxc4 7.Qc2 a6 8.a4 Bd7
9.Nc3 Nc6 10.e4 Nb4 11.Qe2 c5 12.dxc5 Nd3  1/2-1/2

[Event "Yerevan zt"]
[Site "Yerevan"]
[Date "1982.??.??"]
[Round "5"]
[White "Sveshnikov, Evgeny"]
[Black "Giorgadze, Tamaz"]
[Result "1/2-1/2"]
[WhiteElo "2525"]
[BlackElo "2500"]

1.d4 Nf6 2.c4 e6 3.g3 d5 4.Nf3 Be7 5.Bg2 O-O 6.O-O dxc4 7.Qc2 a6 8.a4 Bd7
9.Rd1 Bc6 10.Nc3 Bb4 11.Bg5 Bxc3 12.Bxf6 Qxf6 13.bxc3 Qg6 14.Qa2 Qh5 15.Qxc4 Nd7
16.Qb3 Rab8 17.c4 Nf6 18.a5 Be4 19.h3 Rfd8 20.g4 Qg6 21.Ne5 Qg5 22.f3 Bg6
23.e3 Nd7 24.f4 Qf6 25.g5 Qe7 26.Nxg6 hxg6 27.Qa3 Qe8 28.Rab1 b6 29.axb6 Rxb6
30.Rxb6 Nxb6 31.Qxa6 Qe7 32.Rb1 e5 33.fxe5 Qxg5 34.Kh1 Qxe3 35.c5 Nd5 36.Bxd5 Qxh3+
37.Kg1 Qg4+ 38.Bg2 Qf4 39.Kh1 Qh4+ 40.Kg1 Qxd4+ 41.Kh1 Qh4+  1/2-1/2

[Event "Yerevan"]
[Site "Yerevan"]
[Date "1982.??.??"]
[Round "7"]
[White "Vladimirov, Evgeny"]
[Black "Abramovic, Bosko"]
[Result "1-0"]
[WhiteElo "2495"]
[BlackElo "2445"]

1.d4 Nf6 2.c4 e6 3.g3 d5 4.Nf3 Be7 5.Bg2 O-O 6.O-O b6 7.cxd5 exd5 8.Nc3 Bb7
9.Qc2 Na6 10.Rd1 Qc8 11.Bg5 Re8 12.Ne5 c5 13.Bxf6 Nb4 14.Qb3 gxf6 15.a3 cxd4
16.axb4 dxc3 17.Nd3 cxb2 18.Qxb2 Qf5 19.Nf4 Bd6 20.Bxd5 Be5 21.Qb1 Qc8 22.Bxf7+ Kh8
23.Bxe8 Qxe8 24.Nd5 Qe6 25.e4 Bxa1 26.Qxa1 Bxd5 27.Rxd5 a5 28.bxa5 bxa5 29.Qd4 a4
30.Rd6 Qe7 31.Rxf6 Qg7 32.Qd5  1-0

[Event "Banja Luka"]
[Site "Banja Luka"]
[Date "1983.??.??"]
[Round "1"]
[White "Inkiov, Ventzislav"]
[Black "Sibarevic, Milenko"]
[Result "1-0"]
[WhiteElo "2500"]
[BlackElo "2320"]

1.d4 Nf6 2.c4 e6 3.Nf3 d5 4.g3 Be7 5.Bg2 O-O 6.O-O c5 7.cxd5 exd5 8.Nc3 Nc6
9.Bg5 cxd4 10.Nxd4 h6 11.Be3 Re8 12.Rc1 Bg4 13.Qc2 Rc8 14.h3 Nxd4 15.Bxd4 Be6
16.Rfd1 Rc4 17.Bxf6 Bxf6 18.Bxd5 Bxd5 19.Rxd5 Qc8 20.Qd3 Bxc3 21.Kh2 Ra4
22.Rxc3 Qe6 23.Rd8 Rxd8 24.Qxd8+ Kh7 25.Re3 Qf5 26.Rf3 Qe6 27.Qc7 f5 28.Qxb7 Rxa2
29.Qb5 Kg6 30.g4 fxg4 31.Qd3+ Kg5 32.hxg4 Ra5 33.Qd2+  1-0

[Event "Banja Luka"]
[Site "Banja Luka"]
[Date "1983.??.??"]
[Round "9"]
[White "Hulak, Krunoslav"]
[Black "Sibarevic, Milenko"]
[Result "1-0"]
[WhiteElo "2515"]
[BlackElo "2320"]

1.d4 Nf6 2.Nf3 d5 3.c4 e6 4.g3 Be7 5.Bg2 O-O 6.O-O c5 7.cxd5 exd5 8.Nc3 Nc6
9.dxc5 Bxc5 10.Na4 Be7 11.Be3 Re8 12.Rc1 Ne4 13.Nd4 Bd7 14.Nc3 Bf6 15.Nxd5 Bxd4
16.Bxd4 Bg4 17.Be3 Bxe2 18.Qxe2 Qxd5 19.Qc4 Qf5 20.Rfd1 h5 21.Rd5 Qg6 22.Qb5 Ne7
23.Rxh5 Nd6 24.Qg5 Qxg5 25.Bxg5 Nef5 26.g4 g6 27.Rh3 Nd4 28.Bf6  1-0

[Event "Bath TV-A"]
[Site "Bath"]
[Date "1983.??.??"]
[Round "?"]
[White "Rogers, Ian"]
[Black "Browne, Walter S"]
[Result "1/2-1/2"]
[WhiteElo "2450"]
[BlackElo "2560"]

1.d4 Nf6 2.c4 e6 3.g3 d5 4.Bg2 Be7 5.Nf3 O-O 6.O-O dxc4 7.Qc2 a6 8.a4 Bd7
9.Ne5 Bc6 10.Nxc6 Nxc6 11.e3 Na5 12.Nd2 c5 13.dxc5 Rc8 14.b4 cxb3 15.Nxb3 Nxb3
16.Qxb3 Nd7 17.Ba3 Bxc5 18.Bxb7 Rb8 19.Rab1 Qe7 20.Bxc5 Nxc5 21.Qa3 Rxb7
22.Rxb7 Qxb7 23.Qxc5 Rc8 24.Rd1 h6 25.Qa5 Kh7 26.Qd2 Qe4 27.Qd7 Qf3 28.Qd3+ g6
29.Rb1 a5 30.Qb5 Rc2 31.Rf1 Qf5 32.Qxf5 gxf5 33.Rd1 Ra2 34.Rd4 Kg6  1/2-1/2

[Event "Bath TV-A"]
[Site "Bath"]
[Date "1983.??.??"]
[Round "?"]
[White "Rogers, Ian"]
[Black "Karpov, Anatoly"]
[Result "1/2-1/2"]
[WhiteElo "2450"]
[BlackElo "2710"]

1.d4 Nf6 2.c4 e6 3.g3 d5 4.Bg2 Be7 5.Nf3 O-O 6.O-O dxc4 7.Qc2 a6 8.a4 Bd7
9.Ne5 Bc6 10.Nxc6 Nxc6 11.e3 Na5 12.Nd2 Nd5 13.Nxc4 Nxc4 14.Qxc4 a5 15.b3 Qd7
16.Ba3 Bxa3 17.Rxa3 c6 18.Raa1 Nb4 19.Rfd1 Rac8 20.Rac1 Rfd8 21.Bf3 Qc7 22.Kg2 Qe7
23.h4 b6 24.Qe2 Rd6 25.Kh2 Rcd8 26.Kg2 Qd7 27.Qc4 g6 28.Kg1 h5 29.Kg2 Qe7
30.Qe2 R8d7 31.Qc4 Qd8 32.Qe2 Kg7 33.Kg1 Qe7 34.Kg2 c5 35.dxc5 Rxd1 36.Rxd1 Rxd1
37.Qxd1 Qxc5 38.Be4 Qe5 39.Bf3 Qc3 40.Be4 Qe5 41.Bf3 Qb2 42.Be4  1/2-1/2

[Event "Buenos Aires-B"]
[Site "Buenos Aires"]
[Date "1983.??.??"]
[Round "4"]
[White "Schweber, Samuel"]
[Black "Gomez Baillo, Jorge H"]
[Result "1/2-1/2"]
[WhiteElo "2420"]
[BlackElo "2330"]

1.d4 d5 2.c4 e6 3.Nf3 Nf6 4.g3 Be7 5.Bg2 O-O 6.O-O b6 7.Ne5 Bb7 8.Nc3 Na6
9.Qa4 Qe8 10.Qxe8 Rfxe8 11.Bg5 Ne4 12.Bxe7 Rxe7 13.Rfd1 c5 14.Rac1 Nxc3  1/2-1/2

[Event "WchT U26"]
[Site "Chicago"]
[Date "1983.??.??"]
[Round "?"]
[White "Li Zunian"]
[Black "Jussupow, Artur"]
[Result "1-0"]
[WhiteElo "2415"]
[BlackElo "2565"]

1.d4 Nf6 2.Nf3 d5 3.c4 e6 4.g3 Be7 5.Bg2 O-O 6.O-O c6 7.Qc2 b6 8.b3 Nbd7
9.Rd1 Ba6 10.Nbd2 Rc8 11.e4 h6 12.Bb2 dxe4 13.Nxe4 Qc7 14.Nxf6+ Bxf6 15.Rd2 Rfd8
16.Rad1 Bb7 17.b4 c5 18.dxc5 Bxb2 19.Qxb2 bxc5 20.b5 Nb6 21.Qc2 Bxf3 22.Bxf3 Rxd2
23.Rxd2 Rd8 24.Be2 g6 25.Bf1 h5 26.Rxd8+ Qxd8 27.a4 Nc8 28.Qc3 Nd6 29.Qd3 Qc7
30.a5 Nf5 31.a6 Nd6 32.Qf3 Kf8 33.Qa8+ Ke7 34.h4 Qb6 35.Bd3 Qc7 36.Kg2 Nc8
37.Qb7 Kd8 38.Kf3 Qd6 39.Be4 Qc7 40.Qa8 Ke7 41.Qb7 Kd8 42.Qxc7+ Kxc7 43.Kf4 Kd6
44.Bd3 Nb6 45.f3 Ke7 46.Kg5 Kf8 47.Kh6 Nd7 48.g4 Kg8 49.gxh5 gxh5 50.f4 Nb6
51.f5 e5 52.f6  1-0

[Event "Bundesliga 8283"]
[Site "Germany"]
[Date "1983.??.??"]
[Round "?"]
[White "Wockenfuss, Klaus"]
[Black "Weidemann, Joerg"]
[Result "1-0"]
[WhiteElo "2390"]
[BlackElo "2285"]

1.d4 d5 2.Nf3 Nf6 3.c4 e6 4.g3 Be7 5.Bg2 O-O 6.O-O c5 7.cxd5 exd5 8.b3 Nc6
9.Bb2 Ne4 10.Nc3 Bf6 11.Na4 b6 12.Rc1 Bb7 13.Qd3 Rc8 14.dxc5 Bxb2 15.Nxb2 bxc5
16.Rfd1 Qe7 17.Na4 Rfd8 18.e3 Nb4 19.Qb1 Qf6 20.a3 Na6 21.Qb2 Qxb2 22.Nxb2 f5
23.Nd2 Nb8 24.Nxe4 fxe4 25.Na4 Na6 26.Bf1 Rd6 27.Bxa6 Bxa6 28.Rxc5 Rcd8 29.Rd4 R8d7
30.Nc3 Bb7 31.b4 Kf7 32.a4 a6 33.a5 Ke6 34.Ne2 Rc6 35.Nf4+ Kf7 36.Rd1 Rxc5
37.bxc5 Rc7 38.Rc1 Bc6 39.Ne2 Ke7 40.Nd4 Kd7 41.Rb1 Bb5 42.Nxb5 axb5 43.Rxb5 Kc6
44.Rb8 Ra7 45.Rc8+ Kd7 46.Rb8 Kc6 47.Rc8+ Kd7 48.Rh8 h6 49.Rb8 Kc6 50.Rc8+ Kd7
51.Rb8 Kc6 52.Rb6+ Kxc5 53.Rg6 Rxa5 54.Rxg7 d4 55.exd4+ Kxd4 56.h4 h5 57.Rd7+ Ke5
58.Kg2 Ke6 59.Rh7 Kf6 60.Rh6+ Kf7 61.Kf1 Re5 62.Ke2 Kg7 63.Rd6 e3 64.f3 Kh7
65.Rd3 Re7 66.Rxe3 Rg7 67.Kf2 Kh6 68.Re6+ Kh7 69.Re4 Ra7 70.g4 Ra3 71.Re3 Ra1
72.Kg3 Rg1+ 73.Kf4 Rf1 74.Kg5 hxg4 75.Re7+ Kg8 76.fxg4  1-0

[Event "Bundesliga 8283"]
[Site "Germany"]
[Date "1983.??.??"]
[Round "?"]
[White "Backwinkel, Paul"]
[Black "Borik, Otto"]
[Result "0-1"]
[WhiteElo "2305"]
[BlackElo "2380"]

1.d4 Nf6 2.c4 e6 3.g3 d5 4.Bg2 Be7 5.Nf3 O-O 6.O-O dxc4 7.Qc2 a6 8.Qxc4 b5
9.Qc2 Bb7 10.Bf4 Nc6 11.Rd1 Nb4 12.Qc1 Qc8 13.Nbd2 Nbd5 14.Nb3 Nxf4 15.Qxf4 Bd5
16.Nfd2 Bd6 17.Qh4 Bxg2 18.Kxg2 c5 19.dxc5 Bxc5 20.Nxc5 Qxc5 21.Rac1 Qe5
22.Nb3 Qxb2 23.Rd2 Qe5 24.Rc5 Qe4+ 25.f3 Qxh4 26.gxh4 Nd5 27.e4 Ne3+ 28.Kf2 Nc4
29.Rd7 g6 30.h5 Rfd8 31.Rxd8+ Rxd8 32.h6 Kf8 33.Rc7 Ne5 34.Ra7 Rd3 35.Rxa6 Rxf3+
36.Kg2 Re3 37.Ra5 Rxe4 38.Rxb5 Re2+ 39.Kg3 Nc4 40.a4 Ra2 41.Nc5 Nd6 42.Rb8+ Ke7
43.Rh8 Ra3+ 44.Kf4 Rc3 45.Rxh7 Rxc5 46.Rh8 Rc4+ 47.Kg5 Rxa4 48.h7 Ra5+ 49.Kh6 Rh5+
50.Kg7 Nf5+ 51.Kg8 Rh4 52.h3 Ra4  0-1

[Event "Bundesliga 8283"]
[Site "Germany"]
[Date "1983.??.??"]
[Round "?"]
[White "Sosonko, Gennadi"]
[Black "Pfleger, Helmut"]
[Result "1/2-1/2"]
[WhiteElo "2585"]
[BlackElo "2505"]

1.d4 Nf6 2.c4 e6 3.g3 d5 4.Bg2 Be7 5.Nf3 O-O 6.O-O dxc4 7.Qc2 a6 8.Qxc4 b5
9.Qc2 Bb7 10.Bd2 Be4 11.Qc1 Nc6 12.e3 b4 13.Qd1 Bd6 14.Qe2 Qb8 15.Rc1 Qb7
16.Be1 Bd5 17.Nbd2  1/2-1/2

[Event "Bundesliga 8283"]
[Site "Germany"]
[Date "1983.??.??"]
[Round "?"]
[White "Podzielny, Karl Heinz"]
[Black "Goehring, Karl Heinz"]
[Result "1-0"]
[WhiteElo "2400"]
[BlackElo "2355"]

1.d4 Nf6 2.c4 e6 3.Nf3 d5 4.g3 Be7 5.Bg2 O-O 6.O-O dxc4 7.Qc2 a6 8.a4 c5
9.Rd1 Nc6 10.Na3 Nb4 11.Qb1 b5 12.axb5 axb5 13.Nxb5 Bb7 14.Bg5 Rxa1 15.Qxa1 Qb6
16.Na3 Bd5 17.Ne5 Qb7 18.Bxd5 exd5 19.dxc5 Qc7 20.Nf3 Ne4 21.Be3 Bxc5 22.Nb5 Qb6
23.Nbd4 Rd8 24.Qa4 h6 25.Ra1 Qb7 26.Ne5 Rc8 27.Nef3 Nc6 28.Qc2 Nxd4 29.Nxd4 Rb8
30.Ra2 Qb6 31.Nf5 Bxe3 32.Nxe3 Qd4 33.Kg2 g6 34.Qa4 Kg7 35.Qa3 Rb3 36.Qe7 Qf6
37.Qxf6+ Nxf6 38.Nc2 Kf8 39.Nd4 Rb6 40.f3 Ke7 41.Kf2 Rb7 42.Ke3 Nd7 43.Nc2 Nf6
44.Kd4 Rb6 45.Kc5 Re6 46.Nd4 Re3 47.Ra6  1-0

[Event "Bundesliga 8283"]
[Site "Germany"]
[Date "1983.??.??"]
[Round "?"]
[White "Mehler, Gerhard"]
[Black "Meyer, Holger"]
[Result "0-1"]
[WhiteElo "2275"]
[BlackElo "2340"]

1.d4 Nf6 2.c4 e6 3.g3 d5 4.Bg2 Be7 5.Nf3 O-O 6.O-O dxc4 7.Qc2 a6 8.Qxc4 b5
9.Qc2 Bb7 10.Bf4 Nc6 11.Rd1 Nb4 12.Qc1 Nbd5 13.Nc3 Rc8 14.Nxd5 Bxd5 15.Be3 Qd6
16.Qd2 Qb6 17.b3 Rfd8 18.Qb2 b4 19.Rac1 Ne4 20.Ne5 Nc3 21.Rd3 Bf6 22.f3 Qb5
23.Ng4 Be7 24.Bf1 Qb6 25.Bd2 Nb5 26.Kg2 Bb7 27.Be3 Rd5 28.Bf2 Rg5 29.Ne5 Qd6
30.g4 Bf6 31.h4 Bxe5 32.hxg5 Bf4 33.Rc5 Qe7 34.Be3 Bd6 35.Rc1 Nc3 36.Rdxc3 bxc3
37.Qxc3 h6 38.Qd2 Bb4 39.Qd3 hxg5 40.Bd2 Ba3 41.Rc4 Bd6 42.Qc2 e5 43.Qf5 e4
44.Bxg5 exf3+ 45.exf3 Qe1 46.Bf4 g6 47.Qg5 Bxf3+ 48.Kxf3 Qxf1+ 49.Kg3 Re8
50.Be5 Qe1+ 51.Kf3 Bxe5 52.dxe5 Rxe5 53.Qd8+ Kh7 54.Qd3 Qh1+ 55.Kf2 Re1 56.Rxc7 Qg1+
57.Kf3 Rf1+ 58.Ke4 Qxg4+ 59.Ke5 Qe6+ 60.Kd4 Qd6+ 61.Ke3 Rf3+  0-1

[Event "Bundesliga 8283"]
[Site "Germany"]
[Date "1983.??.??"]
[Round "?"]
[White "Sandmeier, Toni"]
[Black "Markmann, Ulrich"]
[Result "0-1"]
[WhiteElo "2250"]
[BlackElo "2225"]

1.c4 Nf6 2.d4 e6 3.g3 d5 4.Bg2 Be7 5.Nf3 O-O 6.Nbd2 b6 7.O-O Bb7 8.b3 c5
9.cxd5 exd5 10.Bb2 Nbd7 11.Rc1 Re8 12.Rc2 Bf8 13.Re1 Ne4 14.e3 cxd4 15.Nxd4 Bb4
16.Nf5 Ndf6 17.Nxe4 dxe4 18.Qxd8 Rexd8 19.Rec1 Rac8 20.Nd4 Rxc2 21.Rxc2 Bc5
22.h3 Ne8 23.a3 a5 24.Nf5 g6 25.Nh6+ Kf8 26.Ng4 Ke7 27.Ne5 f6 28.Nc4 Rc8
29.h4 f5 30.Bh3 Nd6 31.Ne5 Bd5 32.b4 axb4 33.axb4 Bxb4 34.Rxc8 Nxc8 35.h5 Bd6
36.hxg6 Bxe5 37.Bxe5 hxg6 38.g4 Ke6 39.Bc3 Nd6 40.gxf5+ gxf5 41.Kg2 Nb5 42.Bb2 Nc7
43.Kg3 Ne8 44.Kf4 Nd6 45.Ba3 b5 46.Bb4 Bb7 47.Bxd6 Kxd6 48.Bxf5 Kc5 49.Bxe4 Bxe4
50.Kxe4 Kc4 51.f4 b4 52.f5 b3 53.f6 b2 54.Ke5 b1=Q 55.Ke6 Qe4+ 56.Kd7 Kd5  0-1

[Event "Hannover"]
[Site "Hannover"]
[Date "1983.??.??"]
[Round "6"]
[White "Sosonko, Gennadi"]
[Black "Qi Jingxuan"]
[Result "1/2-1/2"]
[WhiteElo "2575"]
[BlackElo "2430"]

1.c4 Nf6 2.Nf3 e6 3.g3 d5 4.Bg2 Be7 5.d4 O-O 6.Qc2 c6 7.O-O b5 8.c5 Ne4 9.Ne5 f6
10.Nd3 f5 11.f3 Ng5 12.b3 Nf7 13.Bb2 Bg5 14.Kh1 Nd7 15.a4 bxa4 16.Rxa4 a5
17.Nc3 Ba6 18.Rfa1 Bxd3 19.exd3 f4 20.Ne2 Qf6 21.gxf4 Bxf4 22.Nxf4 Qxf4 23.Qe2 Rae8
24.Rxa5 Nf6 25.Ra6 e5 26.Qf2 e4 27.dxe4 Nxe4 28.Qg1 Nd2 29.Bc1 Ng5 30.Bxd2 Qxd2
31.R6a2 Qc3 32.Qc1 Qxc1+ 33.Rxc1 Nxf3 34.Rd1 Re3 35.Ra6 Nxd4 36.b4 Rf4 37.b5 Nxb5
38.Rxc6 Nc3 39.Rf1 Rxf1+ 40.Bxf1 Kf7 41.Rd6 Re6 42.Rd7+ Re7 43.Rd6 Rc7 44.Bd3 Rxc5
45.Bxh7 Ne2 46.Kg2 Rc3 47.Kf2 Nf4 48.Rd7+ Kf6 49.Bg8 Nd3+ 50.Ke2 Nf4+ 51.Kf2 Nh3+
52.Ke1 Ng5 53.Bxd5 Rh3 54.Rd6+ Kf5 55.Rd7 g6 56.Bg2 Rxh2 57.Kf2 Rh4  1/2-1/2

[Event "Hannover"]
[Site "Hannover"]
[Date "1983.??.??"]
[Round "6"]
[White "Pfleger, Helmut"]
[Black "Giorgadze, Tamaz"]
[Result "1/2-1/2"]
[WhiteElo "2505"]
[BlackElo "2495"]

1.c4 Nf6 2.Nf3 e6 3.g3 d5 4.Bg2 Be7 5.d4 O-O 6.Qc2 dxc4 7.O-O a6 8.Qxc4 b5
9.Qc2 Bb7 10.Bf4 Nc6 11.Rd1 Nb4 12.Qc1 Nbd5 13.Nc3 Bd6 14.Ne5 Qe7 15.Bg5 h6
16.Bxf6 Qxf6 17.Nxd5 exd5 18.Nd7 Qe6 19.Nxf8 Rxf8 20.Qc2 h5 21.Rd3 g6 22.h4 Rc8
23.Rad1 Qf5 24.Qb3 Kg7 25.Rf3 Qd7 26.Re3 Qf5 27.a4 b4 28.Qd3 Qd7 29.b3 Kg8
30.Qd2 a5 31.Kh2 Qd8 32.f4 c6 33.Kh1 f5 34.Qd3 Kf7 35.Rc1 Qd7 36.Rc2 Ra8
37.Qd2 Bc7 38.Qc1 Bb6 39.Rd3 Re8 40.Bf3 Re6 41.Kg2 Qe8 42.Kf2 Qh8 43.e3 Qe8
44.Rd1 Ke7 45.Qd2 Kd7 46.Rdc1 Rd6 47.Rc5 Bxc5 48.Rxc5 Qd8 49.Be2 Kc8 50.Bd3 Kb8
51.Qe2 Re6 52.Ke1 Ka7 53.Kd2  1/2-1/2